000 00899nam1a22002531i 4500
001 v19\rc\1626984
005 20260407003724.0
035 _a(NLR Aleph) 004743226
090 _a4502820
_c4502820
100 _a20061002d18991889|||y0rusy50 ca
101 0 _arus
102 _aRU
105 _ay z |||||
200 1 _aВедомость о ходе работ по дорожным сооружениям в Кременчугском уезде, состоящих на уездном сборе...
210 _aКременчуг
_d[1899]-1889
215 _d23
309 _aБез тит. л. и обл.
710 0 2 _aКременчугская уездная земская управа
_3RU\NLR\AUTH\889994441
_9485548
801 0 _aRU
_bNLR
_gpsbo
801 0 _aRU
_bRuMoRGB
_2psbo
801 1 _aRU
_bProSoft-M
_2rusmarc
852 _aNLR
_bЗем
_j31-7/2
899 _aRuMoRGB
_jF 171/2
942 _cBOOK